000 01120nam a22002537a 4500
005 20120112143825.0
008 120112t xxu||||| |||| 00| 0 mar d
010 _aMAR-22132
020 _c120.00
_a81861521059
035 _aMR-14790
037 _bDBAD/PUB
040 _aDPL
_bMR
082 _a891.461
100 _939079
_aचोरमारे, मच्छिंद्र
245 _aकोंडी फोडून पुढे /
_cमच्छिंद्र चोरमारे
246 _aKondi Fodun Pudhe
_bby Machchindra Chormare
260 _aपुणे
_bसुविद्या प्रकाशन
_c2011
270 _a149,शनिवार पेठ,
_bपुणे
_e411030
300 _a111पृ
_c21सेमी(अजिल्द)
650 _aमराठी कवितासंग्रह
_947562
650 _aMarathi Poetry
_947563
942 _2ddc
_cMR
_mचोरमा
_h891.461
999 _c66948
_d66948